|
|
|
|
| LEADER |
00000nam0a2200000 4500 |
| 001 |
325667 |
| 005 |
20241217112840.0 |
| 035 |
|
|
|a (RuTPU)RU\TPU\book\351282
|
| 090 |
|
|
|a 325667
|
| 100 |
|
|
|a 20161209d1937 m y0rusy50 ca
|
| 101 |
0 |
|
|a rus
|
| 102 |
|
|
|a RU
|
| 105 |
|
|
|a g z 000iy
|
| 181 |
|
0 |
|a d
|b e
|
| 182 |
|
0 |
|a n
|
| 183 |
|
0 |
|a nc
|2 RDAcarrier
|
| 200 |
1 |
|
|a Дочь Тамбур-Мажора. Жак Оффенбах и его творчество
|e краткое либретто
|f М. Янковский
|
| 203 |
|
|
|a Текст
|a Музыка
|b визуальный
|c непосредственный
|
| 210 |
|
|
|a Ленинград
|c Искусство
|d 1937
|
| 215 |
|
|
|a 47 с.
|c ноты
|
| 283 |
|
|
|a volume
|2 RDAcarrier
|
| 600 |
|
1 |
|a Оффенбах
|b Ж.
|c французский композитор
|f 1819-1880
|g Жак
|2 stltpush
|3 (RuTPU)RU\TPU\pers\45998
|
| 606 |
1 |
|
|a Оперетты
|2 stltpush
|3 (RuTPU)RU\TPU\subj\47063
|9 66130
|
| 610 |
1 |
|
|a музыка
|
| 610 |
1 |
|
|a музыкальное творчество
|
| 610 |
1 |
|
|a музыкальный театр
|
| 610 |
1 |
|
|a Франция
|
| 610 |
1 |
|
|a 19 век
|
| 610 |
1 |
|
|a композиторы
|
| 675 |
|
|
|a 782
|v 4
|
| 700 |
|
1 |
|a Янковский
|b М.
|
| 801 |
|
1 |
|a RU
|b 63413507
|c 20161209
|
| 801 |
|
2 |
|a RU
|b 63413507
|c 20200203
|g RCR
|
| 942 |
|
|
|c BK
|